01218nabaa22002297a 4500999001500000003000400015005001700019008004100036040000700077100003600084245017300120300001300293500003700306505028800343505008900631650003200720650003900752650002900791650002900820773012600849942001300975 c6190d6190OSt20260125012520.0190701b xxu||||| |||| 00| 0 spa d cPJ 96928aGusman, Alfredo Silverio 13aLa reciente reglamentación de la ley 19.549 por el decreto 695/24 :bprecariedad de los derechos obtenidos a partir del silencio positivo /cAlfredo Silverio Gusman.  ap. 35-40 aCita: TR LALEY AR/DOC/2156/2024  aSumario: I. Introducción: autorizaciones administrativas y silencio positivo.— II. El reciente decreto reglamentario 695 del 2 de agosto de 2024.— III. Silencio positivo, estabilidad del "acto administrativo" y potestad revocatoria de la Administración.— IV. Conclusión.  t¿Te interesa el texto completo? Comunicate al correo: koha@justierradelfuego.gov.ar 09211aDERECHO ADMINISTRATIVO 091135aPROCEDIMIENTO ADMINISTRATIVO 0aREFORMA DEL ESTADO93177 0aREFORMA DEL ESTADO931770 0284293251dBuenos Aires : AbeledoPerrot, 2012-oDA121tDerecho administrativo. Nº 155 septiembre/octubre 2024z18510590 2udccANA